| 000 | 00545nam a2200193Ia 4500 | ||
|---|---|---|---|
| 005 | 20250819154558.0 | ||
| 008 | 008 250516s9999 xx 000 0 hin d | ||
| 020 | _a9789392998980 | ||
| 040 |
_beng _cSDCL |
||
| 041 |
_ahin _2hin |
||
| 084 | _aO152,1N53x R3 | ||
| 100 | _aNishchal, Om | ||
| 245 | 0 |
_a75 Kavitayen : _bLeeladhar Mandloi |
|
| 246 |
_a७५ कवितायेँ : _bलीलाधर मंडलोई |
||
| 260 |
_aDelhi: _bAnanya Prakashan, _c2023. |
||
| 300 | _a149p. | ||
| 650 | _aHindi | ||
| 942 |
_cTEXL _2CC |
||
| 999 |
_c1429195 _d1429195 |
||